| 000 | 00794nam a2200217 i 4500 | ||
|---|---|---|---|
| 001 | 185741 | ||
| 003 | ES-MaACL | ||
| 005 | 20250809014624.0 | ||
| 008 | 160805s1985 sp |||| | spa d | ||
| 020 | _a84-309-1188-X | ||
| 245 | 0 | 0 |
_aManual de prácticas de derecho canónico y derecho eclesiástico del Estado : _btextos, jurisprudencia y formularios / _cJosé María González del Valle (coordinador) ... [et al.]. |
| 260 |
_aMadrid : _bTecnos, _c[1985] |
||
| 300 |
_a168 p. ; _c24 cm. |
||
| 490 | 1 | _aPráctica jurídica | |
| 650 | 0 | 7 |
_aDerecho canónico _2embne _911655 |
| 650 | 0 | 7 |
_aDerecho eclesiástico _2embne _911703 |
| 700 | 1 |
_aGonzález del Valle, José M. _958592 |
|
| 830 | 0 |
_aPráctica jurídica _9181804 |
|
| 852 |
_aES-MaACL _jL-10022 |
||
| 999 |
_c185741 _d185741 |
||